Szczegóły MARC21

Ekonomika integracji europejskiej : teoria, praktyka, polityka /

003 -Nazwa inst., której nr kontr. jest w polu 001 [,]
    • @
    • Nazwa instytucji, której n kontrolny jest w polu 001
    • NUKAT
005 -DATA I CZAS OSTATNIEJ MODYFIKACJI [,]
    • @
    • pole kontrolne
    • 20241231112550.0
020 -Międzynarod. znormalizowany nr książki - ISBN [ , ]
    • a
    • Numer ISBN
    • 8390237318 Find
040 -Instytucja sporządzająca opis [ , ]
    • a
    • Instytucja, która sporządziła opis (NP)
    • Ł U/BWES
    • c
    • Instytucja, która sporządziła rekord (NP)
    • Ł U/BWES
    • d
    • Instytucja, która zmodyfikowała rekord (P)
    • Ł U/AS
    • d
    • Instytucja, która zmodyfikowała rekord (P)
    • Ł U/ASs
    • d
    • Instytucja, która zmodyfikowała rekord (P)
    • KR 7/AK
    • d
    • Instytucja, która zmodyfikowała rekord (P)
    • GL 001/JK
041 -Język dokumentu [1, ]
    • a
    • Język tekstu (P)
    • polski
    • h
    • Język tekstu oryginalnego i/lub pośredniego (P)
    • angielski
942 -Rodzaj dokumentu [ , ]
    • c
    • Rodzaj dokumentu
    • Książka
100 -Hasło główne - nazwa osobowa [1, ]
    • a
    • Nazwa osobowa (NP)
    • Molle, Willem
    • d
    • Daty biograficzne (NP)
    • (1942- ).
    • 9
    • KHW
    • 632730
240 -Tytuł ujednolicony [1,0]
    • a
    • Tytuł ujednolicony
    • Economics of European integration
    • l
    • Język tekstu
    • (pol.)
    • 9
    • KHW
    • 632733
245 -Strefa tytułu i oznaczenia odpowiedzialności [1,0]
    • a
    • Tytuł
    • Ekonomika integracji europejskiej : Find
    • b
    • Ciąg dalszy tytułu (NP)
    • teoria, praktyka, polityka / Find
    • c
    • Pozostałe elementy strefy tytułu i oznaczenia odpowiedzialności (NP)
    • Willem Molle ; [tł. Piotr Kuropatwiński z zespołem tł.: Mirosław Jodko, Tomasz Kątowski, Jerzy Świrydczuk].
260 -Strefa adresu wydawniczego [ , ]
    • a
    • Miejsce wydania (P)
    • Gdańsk :
    • b
    • Nazwa wydawcy (P)
    • Fundacja Gospodarcza NSZZ "Solidarność",
    • c
    • Data wydania (P)
    • 1995.
300 -Strefa opisu fizycznego [ , ]
    • a
    • Określenie formy książki i/lub objętość (NP)
    • XII, 571 s. :
    • b
    • Oznaczenie ilustracji (NP)
    • il. ;
    • c
    • Format (NP)
    • 23 cm.
336 -Typ zawartości [ , ]
    • a
    • Termin opisujący typ zawartości
    • Tekst
    • b
    • Kod określający zawartość
    • txt
    • 2
    • Źródło (terminu i kodu)
    • rdacontent
337 -Typ mediów [ , ]
    • a
    • Tryb odtwarzania
    • Bez urządzenia pośredniczącego
    • b
    • Kod typu mediów
    • n
    • 2
    • Źródło (terminu i kodu)
    • rdamedia
338 -Typ/rodzaj nośnika [ , ]
    • a
    • Hasło opisujące typ nośnika
    • Wolumin
    • b
    • Kod typu nośnika
    • nc
    • 2
    • Źródło (terminu i kodu)
    • rdacarrier
504 -Uwaga dot. bibliogr. załącznikowej [ , ]
    • a
    • Uwaga dot. bibliografii załącznikowej
    • Bibliogr. s. 520-560. Indeks.
080 -Uniwersalna Klasyfikacja Dziesiętna [ , ]
    • a
    • Symbol klasyfikacji
    • 338.4
    • 9
    • UKD
    • 3232
    • 2
    • Identyfikator wydania tablic
    • UDC-P058
    • b
    • Dopowiedzenie
    • Produkcja i inne działy gospodarki według dziedzin. Ekonomiki szczegółowe.
080 -Uniwersalna Klasyfikacja Dziesiętna [ , ]
    • a
    • Symbol klasyfikacji
    • :[339.923
080 -Uniwersalna Klasyfikacja Dziesiętna [ , ]
    • a
    • Symbol klasyfikacji
    • :061.1UE(4-67)
610 -Hasło przedmiotowe w formie nazwy ciała zbiorowego [2,7]
    • a
    • Nazwa ciała zbiorowego lub nazwa geograficzna
    • Unia Europejska
    • v
    • Określnik formalny
    • podręczniki akademickie.
    • 2
    • Źródło terminu
    • kaba
    • 9
    • KHW
    • 353497
651 -Hasło przedmiotowe w formie nazwy geograficznej [ ,7]
    • a
    • Nazwa geograficzna
    • Europa
    • x
    • Określnik rzeczowy
    • integracja gospodarcza
    • v
    • Określnik formalny
    • podręczniki akademickie.
    • 2
    • Źródło terminu
    • kaba
    • 9
    • KHW
    • 350323
980 -Symbol UKD [ , ]
    • a
    • UKD
    • 338.4:[339.923:061.1UE](4-67)
700 -Hasło dodatkowe - nazwa osobowa [1, ]
    • a
    • Nazwa osobowa (NP)
    • Kuropatwiński, Piotr Find
    • d
    • Daty biograficzne (NP)
    • (1950- ).
    • e
    • Określenie rodzaju współpracy
    • Tł.
    • 9
    • KHW
    • 38823
700 -Hasło dodatkowe - nazwa osobowa [1, ]
    • a
    • Nazwa osobowa (NP)
    • Jodko, Mirosław. Find
    • e
    • Określenie rodzaju współpracy
    • Tł.
    • 9
    • KHW
    • 632729
700 -Hasło dodatkowe - nazwa osobowa [1, ]
    • a
    • Nazwa osobowa (NP)
    • Kątowski, Tomasz Find
    • d
    • Daty biograficzne (NP)
    • (1957- ).
    • e
    • Określenie rodzaju współpracy
    • Tł.
    • 9
    • KHW
    • 406836
700 -Hasło dodatkowe - nazwa osobowa [1, ]
    • a
    • Nazwa osobowa (NP)
    • Świrydczuk, Jerzy Find
    • c
    • Dopowiedzenie inne niż daty biograficzne (NP)
    • (tłumacz).
    • e
    • Określenie rodzaju współpracy
    • Tł.
    • 9
    • KHW
    • 632731
710 -Hasło dodatkowe - nazwa ciała zbiorowego [2, ]
    • a
    • Nazwa ciała zbiorowego lub nazwa geograficzna jako pierwszy element (NP)
    • Fundacja Gospodarcza NSZZ "Solidarność".
    • 4
    • Kod relacji
    • pbl
    • 9
    • KHW
    • 466005
920 -ISBN [ , ]
    • a
    • ISBN
    • 83-902373-1-8 Find
Lokalizacja Data inwentaryzacji Status udost. Numer inwentarzowy Sygnatura
BE1998-07-28-2E.65509 
BG2000-11-141CDE.407 
BG2000-11-141CDE.408 
BNS1998-04-281F.28048 
BSA1998-04-281SA.8507SA.8507
T1999-03-192T.486 
T1999-03-19-6T.487T.487